[Event "MI Festival GM"]
[Site "Bucharest"]
[Date "1999.03.22"]
[Round "3"]
[White "Ionescu, Constantin"]
[Black "Vukovic, Zdravko"]
[Result "1/2-1/2"]
[WhiteElo "2482"]
[BlackElo "2483"]

1.g3 e5 2.c4 h5 3.h4 d5 4.cxd5 Qxd5 5.Nf3 Bb4 6.Bg2 Nc6 7.Nc3 Bxc3 8.dxc3 Qxd1+
9.Kxd1 Bg4 10.Nd2 Nge7 11.f3 Be6 12.e4 O-O-O 13.Kc2 Rh6  1/2-1/2

[Event "Bled op"]
[Site "Bled"]
[Date "1999.03.25"]
[Round "6"]
[White "Cebalo, Miso"]
[Black "Lekic, Dusan"]
[Result "1-0"]
[WhiteElo "2511"]
[BlackElo "2381"]

1.c4 e5 2.g3 Nf6 3.Bg2 d5 4.cxd5 Nxd5 5.Nc3 Nb6 6.Nf3 Nc6 7.O-O Be7 8.d3 O-O
9.a3 Re8 10.b4 Bf8 11.Bb2 Bg4 12.h3 Bh5 13.Nd2 Rb8 14.Rc1 f5 15.Re1 Nd4 16.Nb3 Nxb3
17.Qxb3+ Bf7 18.Qc2 c6 19.e4 Qd7 20.exf5 Qxf5 21.Ne4 Bd5 22.Rcd1 Nc8 23.d4 Nd6
24.dxe5 Nxe4 25.Bxe4 Qxh3 26.Bxd5+ cxd5 27.Rxd5 Re6 28.Qe4 Rc8 29.Red1 Rh6
30.Rd8 Rc2 31.Qd5+ Qe6 32.Qf3 Qf7 33.Rxf8+  1-0

[Event "MI Festival GM"]
[Site "Bucharest"]
[Date "1999.03.25"]
[Round "6"]
[White "Istratescu, Andrei"]
[Black "Svetushkin, Dmitry"]
[Result "1-0"]
[WhiteElo "2549"]
[BlackElo "2471"]

1.c4 e5 2.g3 Nc6 3.Bg2 g6 4.Nc3 Bg7 5.e3 d6 6.Nge2 Be6 7.d3 Qd7 8.Rb1 Bh3
9.O-O h5 10.Bxh3 Qxh3 11.f3 Qd7 12.h4 Nge7 13.e4 O-O 14.b4 Nd8 15.Qa4 c6
16.b5 c5 17.Nd5 Nxd5 18.cxd5 f5 19.Kg2 Nf7 20.Qc2 Bh6 21.Bxh6 Nxh6 22.Qd2 Kh7
23.Ng1 Qe7 24.Nh3 Nf7 25.f4 fxe4 26.f5 Rg8 27.dxe4 Raf8 28.Qe2 Qf6 29.Rb3 Kh6
30.fxg6 Qxg6 31.Rff3 Nh8 32.Ng5 Rxf3 33.Rxf3 Rc8 34.Qf1 Kg7 35.Kh2 Re8 36.Rf5 Kg8
37.Rf6 Qg7 38.Ne6 Qg4 39.Rf5 Qxe4 40.Rf8+  1-0

[Event "Schloss Open A 5th"]
[Site "Werther"]
[Date "1999.03.28"]
[Round "5"]
[White "Bunzmann, Dimitrij"]
[Black "Hoffmann, Alexander"]
[Result "1-0"]
[WhiteElo "2555"]
[BlackElo "2350"]

1.c4 e5 2.g3 Nc6 3.Bg2 g6 4.Nc3 Bg7 5.Rb1 a5 6.a3 d6 7.b4 axb4 8.axb4 Nf6
9.b5 Nd4 10.e3 Ne6 11.Nge2 O-O 12.O-O h5 13.d4 exd4 14.exd4 h4 15.Qd2 Nh7
16.Nd5 Neg5 17.f4 h3 18.fxg5 hxg2 19.Kxg2 Be6 20.h4 c6 21.bxc6 bxc6 22.Ne3 Ra4
23.Nc3 Ra7 24.d5 cxd5 25.cxd5 Bc8 26.Bb2 Re7 27.Rf3 Qd7 28.Ne2 Bxb2 29.Rxb2 f6
30.gxf6 Rxf6 31.Nf4 Qe8 32.Qf2 g5 33.Ne6 Rxf3 34.Qxf3 Bxe6 35.dxe6 Rxe6 36.Nf5 Rf6
37.h5 Qe5 38.Rf2 d5 39.g4 Qe4 40.Rd2 Rb6 41.Qxe4 dxe4 42.Rd7 Re6 43.Ne7+ Kf7
44.Ng6+  1-0

[Event "Mar del Plata op 30th"]
[Site "Mar del Plata"]
[Date "1999.03.30"]
[Round "4"]
[White "Spangenberg, Hugo"]
[Black "Rosito, Jorge"]
[Result "1-0"]
[WhiteElo "2531"]
[BlackElo "2379"]

1.c4 e5 2.g3 Nc6 3.Bg2 g6 4.e3 Bg7 5.Ne2 d6 6.Nbc3 h5 7.h3 h4 8.g4 f5 9.gxf5 Bxf5
10.d4 exd4 11.Nxd4 Bd7 12.Nxc6 bxc6 13.Qd3 Qf6 14.Nb5 Kd8 15.Nd4 Ne7 16.Bd2 Rb8
17.Bc3 Qf7 18.c5 d5 19.Qa6 Rf8 20.Rf1 Nf5 21.Qxa7 Rc8 22.Qa4 Qe7 23.O-O-O Qxc5
24.Nb3 Qe7 25.Bxg7 Nxg7 26.Na5 Qf6 27.Rd2 Nf5 28.Rfd1 Ne7 29.Nb7+ Ke8 30.Nc5 Rd8
31.Kb1 Kf7 32.Qa5 Qe5 33.e4 Kg8 34.Nd3 Qh2 35.f4 Bxh3 36.Qxc7 Bxg2 37.Qxe7 Qg3
38.Qe6+ Kh7 39.Nc5 Rde8 40.Qd7+ Kh6 41.e5 h3 42.Ne6 Rxe6 43.Qxe6 h2 44.f5 h1=Q
45.Rxh1+ Bxh1 46.Rh2+ Kg5 47.Qxg6+ Kf4 48.Rxh1  1-0

[Event "BEL-chT9899"]
[Site "Antwerp"]
[Date "1999.03.??"]
[Round "8"]
[White "Cekro, Ekrem"]
[Black "Lane, Gary W"]
[Result "1/2-1/2"]
[WhiteElo "2392"]
[BlackElo "2411"]

1.c4 e5 2.g3 Nf6 3.Bg2 d5 4.cxd5 Nxd5 5.Nc3 Nb6 6.Nf3 Nc6 7.O-O Be7 8.a3 O-O
9.b4 Be6 10.Re1 f6 11.d3 a5 12.b5 Nd4 13.Nd2 Bd5 14.Nxd5 Nxd5 15.Bb2 a4 16.Bxd4 exd4
17.Bxd5+ Qxd5 18.Nc4 f5 19.Qd2 f4 20.gxf4 Rf6 21.f3 Raf8  1/2-1/2

[Event "BEL-chT9899"]
[Site "Antwerp"]
[Date "1999.03.??"]
[Round "10"]
[White "Frank, Albert"]
[Black "Riemens, Albert"]
[Result "1/2-1/2"]
[WhiteElo "2020"]
[BlackElo "2185"]

1.c4 e5 2.g3 Nf6 3.Nc3 Nc6 4.Bg2 Be7 5.e3 O-O 6.Nge2 d5 7.Nxd5 Nxd5 8.cxd5 Nb4
9.Qb3 c6 10.f4 a5 11.fxe5 a4 12.Qc3 cxd5 13.a3 Nc6 14.O-O Bg4 15.Nf4 d4 16.Qd3 Bc5
17.Bxc6 dxe3 18.dxe3 bxc6 19.Qc3 Qb6 20.Kg2 Rab8 21.b4 axb3 22.Bb2 Be6 23.Nxe6 fxe6
24.Qc4 Kh8 25.Qxe6 Qb5 26.Qg4 Qd3 27.Bd4 b2 28.Rad1 Qc2+ 29.Kh3 Rxf1 30.Rxf1 b1=Q
31.Rxb1 Qxb1 32.Bxc5 Qf1+ 33.Kh4 Qh1 34.h3 Qd5 35.Bd6 Re8 36.Qh5 Qe4+ 37.g4 g6
38.Qg5 Kg8 39.Be7 Qd5 40.Bf6 Qd1 41.Kg3 Qe1+ 42.Kf3 Qf1+ 43.Kg3 Rb8 44.Qh6 Rb7
45.h4 Qg1+ 46.Kf3 Qh1+ 47.Kg3 Rf7 48.Qf4  1/2-1/2

[Event "ISR-chT"]
[Site "Israel"]
[Date "1999.04.02"]
[Round "6"]
[White "Berkovich, Mark A"]
[Black "Stisis, Yaacov"]
[Result "0-1"]
[WhiteElo "2428"]
[BlackElo "2374"]

1.c4 e5 2.g3 Nc6 3.Bg2 g6 4.Nc3 Bg7 5.d3 Nge7 6.e4 Nd4 7.Nge2 Nec6 8.O-O O-O
9.Be3 d6 10.Qd2 f5 11.exf5 Bxf5 12.f3 Nxe2+ 13.Qxe2 Nd4 14.Qd2 c6 15.Rae1 Qd7
16.g4 Be6 17.Ne4 Kh8 18.h3 Bg8 19.f4 Rae8 20.fxe5 Bxe5 21.Bg5 Bg7 22.Bf6 d5
23.Nc5 Qc7 24.g5 b6 25.Nb3 Nf5 26.Qc3 Rxe1 27.Rxe1 d4 28.Nxd4 Rxf6 29.gxf6 Bxf6
30.Re4 Nxd4 31.Qe1 Nf5 32.Bf3 Qd6 33.Re8 Kg7 34.Be4 Bd4+ 35.Kg2 Ne3+ 36.Kh1 Qd7  0-1

[Event "Mar del Plata op 30th"]
[Site "Mar del Plata"]
[Date "1999.04.02"]
[Round "7"]
[White "Giardelli, Sergio C"]
[Black "Vasta, Eduardo"]
[Result "1/2-1/2"]
[WhiteElo "2437"]
[BlackElo "2375"]

1.c4 e5 2.g3 Nc6 3.Bg2 f5 4.Nc3 g6 5.Rb1 a5 6.e3 Bg7 7.Nge2 Nf6 8.O-O O-O
9.d3 d6 10.b3 Be6 11.f4 Bf7 12.Bb2 d5 13.cxd5 Nxd5 14.Nxd5 Bxd5 15.e4 fxe4
16.dxe4 Be6 17.Bc3 Qxd1 18.Rbxd1 a4 19.Nc1 axb3 20.axb3 Ra6  1/2-1/2

[Event "Dreifluesse op 7th"]
[Site "Passau"]
[Date "1999.04.02"]
[Round "2"]
[White "Golda, Harald"]
[Black "Preusser, Raimund"]
[Result "0-1"]
[WhiteElo "2285"]
[BlackElo "2066"]

1.c4 e5 2.g3 g6 3.Bg2 Bg7 4.Nc3 Nf6 5.Nf3 d6 6.d4 Nbd7 7.O-O O-O 8.b3 Re8
9.e3 c6 10.Bb2 e4 11.Nd2 d5 12.Qc2 a6 13.a4 Nf8 14.b4 h5 15.b5 N8h7 16.Ba3 Ng5
17.Ne2 Bf5 18.Qb2 Qd7 19.Nf4 h4 20.gxh4 Nh3+ 21.Nxh3 Bxh3 22.f3 Bh6 23.Rae1 Bxg2
24.Kxg2 Nh5 25.cxd5 cxd5 26.Bc5 axb5 27.Qxb5 exf3+ 28.Rxf3 Qxb5 29.axb5 Ra2
30.Rf2 Nf4+ 31.Rxf4 Bxf4 32.Kf3 Rxd2 33.Kxf4 Rxh2 34.Kg3 Rb2 35.b6 Rb3 36.Kf2 Kh7
37.Bd6 Rxb6 38.Bf4 Ra8 39.Rc1 Rc6 40.Rb1 b6 41.Kf3 Ra5 42.Rb3 f6 43.e4 dxe4+
44.Kxe4 Re6+ 45.Kd3 Rf5 46.Bc7 Rf3+ 47.Kc4 Rxb3 48.Kxb3 Kg7 49.d5 Re7 50.d6 Rd7
51.Kc4 Kf7 52.Kd5 b5 53.Ba5 Ra7 54.Bb6 Ra1 55.Bc5 Rd1+ 56.Kc6 Rc1 57.Kxb5 Ke6
58.Bd4 Rd1 59.Kc4 Rxd4+ 60.Kxd4 Kxd6 61.Kd3 Kd5 62.Ke3 Ke5 63.Kf3 Kf5 64.Kg3 Ke5
65.Kg4 Ke4 66.Kg3 f5  0-1

[Event "Redbus KO"]
[Site "Southend"]
[Date "1999.04.02"]
[Round "1.2"]
[White "Davies, Nigel R"]
[Black "Levitt, Jonathan"]
[Result "1-0"]
[WhiteElo "2515"]
[BlackElo "2427"]

1.c4 e5 2.g3 Nc6 3.Nc3 g6 4.Rb1 Bg7 5.b4 d6 6.Bg2 f5 7.d3 Nf6 8.Nf3 O-O 9.O-O Kh8
10.Bd2 Nh5 11.b5 Ne7 12.Qb3 h6 13.Ne1 g5 14.Nc2 f4 15.c5 g4 16.cxd6 cxd6
17.Rfe1 f3 18.Bf1 Ng6 19.Qa3 fxe2 20.Rxe2 Bf5 21.Ne4 d5 22.Nd6 Qe7 23.Bb4 Qd7
24.Nxf5 Rxf5 25.Ne3 Rf3 26.Bg2 e4 27.Rd1 Qxb5 28.Red2 Ne5 29.Bc3 Nxd3 30.Bxg7+ Nxg7
31.Qd6 Qc6 32.Qxd5 Qxd5 33.Nxd5 Ne5 34.Nf4 Re8  1-0

[Event "Dreifluesse op 7th"]
[Site "Passau"]
[Date "1999.04.03"]
[Round "3"]
[White "Goemann, Jens"]
[Black "Dost, Andreas"]
[Result "1-0"]
[WhiteElo "2162"]
[BlackElo "1880"]

1.c4 e5 2.g3 Nc6 3.Bg2 g6 4.Nc3 Bg7 5.d3 Nf6 6.Nf3 O-O 7.O-O Re8 8.Nd2 Ne7
9.Qa4 d6 10.b4 c6 11.Bb2 Bg4 12.Rfe1 Qd7 13.Rab1 Bh3 14.Bh1 Nh5 15.Nde4 h6
16.c5 d5 17.Nd6 Rf8 18.b5 f5 19.bxc6 bxc6 20.Nxd5 Kh7 21.Nxe7 Qxe7 22.Qxc6 Rad8
23.Bc3 f4 24.Rb7 fxg3 25.hxg3 Rd7 26.Rxd7 Bxd7 27.Qe4 Nf4 28.Bg2 Qg5 29.gxf4 Rxf4
30.Bd2 Qh5 31.Bxf4 exf4 32.c6 Bh3 33.Bxh3 Qxh3 34.Qg2  1-0

[Event "Dreifluesse op 7th"]
[Site "Passau"]
[Date "1999.04.03"]
[Round "4"]
[White "Pohl Kuemmel, Jens Uwe"]
[Black "Preusser, Raimund"]
[Result "1-0"]
[WhiteElo "2270"]
[BlackElo "2066"]

1.c4 e5 2.g3 g6 3.Bg2 Bg7 4.Nc3 Nf6 5.Nf3 d6 6.O-O O-O 7.d4 Nbd7 8.e4 c6
9.h3 exd4 10.Nxd4 Re8 11.Re1 a5 12.Bf4 Ne5 13.b3 Qe7 14.Qc2 Nh5 15.Be3 Nd7
16.Rad1 Nc5 17.Kh2 Bd7 18.a3 Qf8 19.b4 axb4 20.axb4 Ne6 21.Nde2 f5 22.f4 fxe4
23.Nxe4 d5 24.Nc5 Bc8 25.cxd5 cxd5 26.Bxd5 Nf6 27.Nxe6 Bxe6 28.Bxe6+ Rxe6
29.Nd4 Rea6 30.Qc4+ Kh8 31.Re2 Ra4 32.Rb1 Qd6 33.Nf3 Qd5 34.Ne5 Qxc4 35.Nxc4 Nd5
36.Bd2 Bc3 37.Nb6 Nxb6 38.Bxc3+ Kg8 39.Rd1 Ra2 40.Rdd2 Rxd2 41.Rxd2 Rc8 42.Be5 Nc4
43.Rd7 Nxe5 44.fxe5 Re8 45.Rxb7 Rxe5 46.Kg2 Re3 47.h4 h5 48.b5 Rb3 49.b6 Kh8
50.Kf2 Kg8 51.Ke2 Rxg3 52.Rc7  1-0

[Event "Dreifluesse op 7th"]
[Site "Passau"]
[Date "1999.04.03"]
[Round "4"]
[White "Callenberg, Ralf"]
[Black "Bensch, Patrick"]
[Result "0-1"]
[WhiteElo "2073"]
[BlackElo "2255"]

1.c4 e5 2.g3 Nc6 3.Bg2 g6 4.Nc3 Bg7 5.e3 d6 6.Nge2 Nge7 7.O-O O-O 8.d3 Bg4
9.h3 Be6 10.Nd5 Qd7 11.Kh2 Nd8 12.Bd2 Nc8 13.e4 c6 14.Ne3 Ne7 15.Bb4 f5 16.exf5 Nxf5
17.Nxf5 Bxf5 18.Qd2 Nf7 19.f4 Rae8 20.Rae1 Bh6 21.d4 exf4 22.Nxf4 Ng5 23.Qd1 Be4
24.Qg4 Qxg4 25.hxg4 Bxg2 26.Kxg2 Ne4 27.d5 c5 28.Ba3 Nd2 29.Rxe8 Rxe8 30.Rc1 Re4
31.b3 Bxf4 32.gxf4 Rxf4 33.Kg3 g5 34.Re1 Ne4+ 35.Kh3 Nf2+ 36.Kg3 Ne4+ 37.Kh3 Rf3+
38.Kh2 Nf6 39.Bc1 Nxg4+ 40.Kg2 Rf5 41.Re6 Nf6 42.Rxd6 h5 43.Rd8+ Kf7 44.Ra8 Ne4
45.Be3 g4 46.Rxa7 Rf3 47.Rxb7+ Kf6 48.Rb6+ Kf5 49.Bxc5 Nxc5 50.Rb5 Ne4 51.d6+ Ke6
52.Rxh5 Kxd6 53.c5+ Kc6 54.Re5 Rf4 55.b4 g3 56.a4 Rf2+ 57.Kg1 Nd2 58.b5+ Kd7
59.Rd5+ Ke6 60.Rd6+ Ke5 61.Rg6 Nf3+  0-1

[Event "Baden Casino op"]
[Site "Baden"]
[Date "1999.04.04"]
[Round "4"]
[White "Cebalo, Miso"]
[Black "Karl, Hans"]
[Result "0-1"]
[WhiteElo "2511"]
[BlackElo "2242"]

1.c4 e5 2.g3 Nc6 3.Bg2 g6 4.Nc3 Bg7 5.e3 d6 6.Nge2 Be6 7.d3 Qd7 8.O-O Bh3
9.Bxh3 Qxh3 10.e4 h5 11.f3 Qd7 12.b4 f5 13.b5 Nce7 14.Bg5 Bh6 15.Qd2 Bxg5
16.Qxg5 h4 17.g4 O-O-O 18.a4 Nh6 19.h3 f4 20.Nd5 Nxd5 21.cxd5 Qg7 22.Rfc1 Nf7
23.Qe7 Rd7 24.Qe6 Nd8 25.b6 axb6 26.a5 Nxe6 27.axb6 Kb8 28.dxe6 cxb6 29.exd7 Qxd7
30.Nc3 Rc8 31.Kf1 b5 32.Nd5 Rxc1+ 33.Rxc1 b4 34.Nxb4 Qb5 35.Rc4 Qb6 36.Nc2 Qb1+
37.Ne1 Qb2 38.Rc2 Qd4 39.Rc4 Qe3 40.Rc2 b5 41.Rb2 Qc5 42.Ke2 Ka7 43.Ra2+ Kb7
44.Rb2 Kb6 45.Ra2 Qg1 46.Ra8 Qh2+ 47.Kd1 Qxh3 48.Rg8 Qg3 49.Rxg6 Kc5 50.Rh6 b4
51.d4+ exd4 52.Ke2 Qh2+ 53.Kd3 Qf2 54.Rh5+ Kc6  0-1

[Event "Neckar op 3rd"]
[Site "Deizisau"]
[Date "1999.04.04"]
[Round "7"]
[White "Gerstenberger, Heinz"]
[Black "Maahs, Erich"]
[Result "1-0"]
[WhiteElo "2186"]
[BlackElo "2203"]

1.c4 e5 2.g3 c6 3.Bg2 d5 4.cxd5 cxd5 5.Qb3 Nf6 6.Nc3 Nc6 7.Nxd5 Nd4 8.Nxf6+ Qxf6
9.Qd1 Bg4 10.d3 Rc8 11.Kf1 Qa6 12.Be3 Nc2 13.Rc1 Nxe3+ 14.fxe3 Bc5 15.d4 Bb6
16.Rxc8+ Bxc8 17.a3 O-O 18.Nf3 f6 19.Qb3+ Kh8 20.Kf2 Bd7 21.Rc1 Bc6 22.d5 Bb5
23.Nh4 g6 24.Qb4 Kg7 25.Qg4 f5 26.Qb4 f4 27.Qe7+ Kg8 28.Qe6+ Kg7 29.Qxe5+ Kh6
30.gxf4 Qa4 31.Qg5+ Kg7 32.Qe7+ Kg8 33.Kg3 Bd7 34.d6 Re8 35.Bd5+  1-0

[Event "Dreifluesse op 7th"]
[Site "Passau"]
[Date "1999.04.04"]
[Round "6"]
[White "Adamski, Jan"]
[Black "Berezjuk, Sergej"]
[Result "1/2-1/2"]
[WhiteElo "2402"]
[BlackElo "2403"]

1.c4 e5 2.g3 Nf6 3.Bg2 d5 4.cxd5 Nxd5 5.Nc3 Nb6 6.Nf3 Nc6 7.O-O Be7 8.d3 O-O
9.Be3 Re8 10.Rc1 Bf8 11.a3 Nd4 12.Bxd4 exd4 13.Nb5 c5 14.b4 a6 15.bxc5 axb5
16.cxb6 Qxb6 17.Rb1 Rxa3 18.Qd2 Bc5 19.Qb2 b4 20.Nd2 Qa7 21.Bd5 Be6 22.Bxe6 Rxe6
23.Nb3 b6 24.Nxd4 Ra2 25.Qc1 Re8 26.e3 g6 27.Qc4 Qa8 28.Nc2 Ra4 29.Ra1 Rxa1
30.Rxa1 Qf3 31.d4 Bf8 32.Nxb4 Rxe3 33.fxe3 Qxe3+ 34.Kg2 Bxb4 35.Rf1 Qe7 36.Qd5 Bd6
37.Qc6 Bc7 38.Rf2 h5 39.Rc2 Bd6 40.Qa8+ Kg7 41.Qf3 b5 42.Re2 Qc7 43.Qd5 b4
44.Rf2  1/2-1/2

[Event "Dreifluesse op 7th"]
[Site "Passau"]
[Date "1999.04.05"]
[Round "7"]
[White "Sakowski, Christian"]
[Black "Bieringer, Konrad"]
[Result "0-1"]
[WhiteElo "1631"]
[BlackElo "2028"]

1.c4 e5 2.g3 g6 3.Bg2 Bg7 4.Nc3 f5 5.d3 Nf6 6.Bg5 Nc6 7.Nd5 O-O 8.Nxf6+ Bxf6
9.Bxf6 Qxf6 10.Nf3 e4 11.Nd2 exd3 12.Bd5+ Kg7 13.exd3 Re8+ 14.Kf1 Nb4 15.Qb3 Nxd5
16.cxd5 b6 17.Nc4 f4 18.Qc3 Bb7 19.Qxf6+ Kxf6 20.gxf4 Bxd5 21.Rg1 Bxc4 22.dxc4 Re4
23.Rd1 d6 24.b3 Rae8 25.Rd2 Kf5 26.Rg5+ Kxf4 27.Rg3 R8e5 28.Kg2 Kf5 29.Rf3+ Rf4
30.Rfd3 h5 31.h3 g5 32.Rd5 Rxd5 33.Rxd5+ Kf6 34.f3 Rf5 35.Rd4 Re5 36.Rd2 Kf5
37.Kf2 a5 38.a4 Ke6 39.Rd4 Kd7 40.h4 Kc6 41.hxg5 Rxg5 42.Ke3 Kc5 43.f4 Rg3+
44.Ke4 h4 45.Rd5+ Kb4 46.Rb5+ Ka3 47.Rg5 Rxb3 48.f5 Rb1 49.Rh5 Kxa4 50.Rxh4 Re1+
51.Kd5 Re5+ 52.Kc6 Rxf5 53.Kxc7 Rc5+ 54.Kxb6 Kb4 55.Rh6 a4 56.Rxd6 a3 57.Rd1 Rxc4
58.Rb1+ Kc3 59.Rc1+ Kb3 60.Rb1+ Kc2  0-1

[Event "IND-ch"]
[Site "Nagpur"]
[Date "1999.04.08"]
[Round "17"]
[White "Koshy, Varugeese"]
[Black "Shankar, Roy"]
[Result "1/2-1/2"]
[WhiteElo "2368"]
[BlackElo "2394"]

1.c4 e5 2.g3 c6 3.d4 exd4 4.Qxd4 Nf6 5.Nf3 d5 6.Bg2 Be7 7.cxd5 Qxd5 8.Nc3 Qxd4
9.Nxd4 O-O 10.O-O Na6 11.Bf4 Nc5 12.Rad1 Ne6 13.Nxe6 Bxe6 14.Rd2  1/2-1/2

[Event "Hampstead IM-B 5th"]
[Site "London"]
[Date "1999.04.09"]
[Round "3"]
[White "Kelly, Bryan"]
[Black "Compton, Alastair"]
[Result "1-0"]
[WhiteElo "2423"]
[BlackElo "2035"]

1.c4 e5 2.g3 Nf6 3.Bg2 Nc6 4.Nc3 d6 5.Nf3 g6 6.O-O Bg7 7.d4 O-O 8.h3 Re8
9.d5 Nb8 10.e4 Nbd7 11.Ne1 a5 12.Nd3 b6 13.Rb1 Nc5 14.Nxc5 bxc5 15.Bg5 h6
16.Bd2 Bd7 17.b3 Rf8 18.a3 Kh7 19.Kh2 Ng8 20.Qe1 f5 21.exf5 gxf5 22.f4 Re8
23.fxe5 Bxe5 24.Qf2 Nf6 25.Ne2 Rg8 26.Bf4 Qe7 27.Rbe1 Rae8 28.Bxe5 dxe5 29.Nf4 Qg7
30.Ne6 Bxe6 31.dxe6 Rxe6 32.Qxf5+ Qg6 33.Rxe5 Qxf5 34.Rfxf5 Rxe5 35.Rxe5 Rb8
36.Rxc5 Rxb3 37.Rxa5 Rc3 38.Rc5 Ne8 39.a4 Kg6 40.a5  1-0

[Event "BEL-chT9899"]
[Site "Antwerp"]
[Date "1999.04.??"]
[Round "11"]
[White "Tonoli, Walter"]
[Black "De Wolf, Johan"]
[Result "1-0"]
[WhiteElo "2245"]
[BlackElo "2192"]

1.c4 e5 2.g3 Nc6 3.Bg2 g6 4.Nc3 Bg7 5.Rb1 d6 6.b4 Nf6 7.d3 O-O 8.b5 Nd4 9.e3 Ne6
10.Nge2 a6 11.a4 axb5 12.axb5 h5 13.O-O h4 14.d4 hxg3 15.hxg3 Ng4 16.b6 Qg5
17.Re1 Qh6 18.Nd5 Qh2+ 19.Kf1 Bd7 20.Ng1 Ng5 21.e4 Qh5 22.f3 Nh2+ 23.Kf2 Ra2+
24.Rb2 Ba4 25.Qd2 Rxb2 26.Bxb2 f5 27.exf5 gxf5 28.dxe5 Ne4+ 29.fxe4 fxe4+
30.Nf4 dxe5 31.Qd5+ Kh8 32.Nf3 Rxf4 33.gxf4 Ng4+ 34.Kg1 exf3 35.Qxf3 Bc6
36.Qh3 Qxh3 37.Bxh3  1-0

[Event "IND-ROW m"]
[Site "Bali"]
[Date "1999.05.03"]
[Round "2"]
[White "Johansen, Darryl K"]
[Black "Juswanto, Denny"]
[Result "1/2-1/2"]
[WhiteElo "2490"]
[BlackElo "2465"]

1.c4 e5 2.g3 f5 3.d4 e4 4.Nc3 Nf6 5.Bg5 Bb4 6.Qb3 Bxc3+ 7.Qxc3 O-O 8.e3 d6
9.h4 Nbd7 10.Ne2 Qe8 11.Nf4 h6 12.Bxf6 Nxf6 13.h5 Rf7 14.Be2 Bd7 15.O-O b6
16.Rfd1 Rd8 17.Rac1 Be6 18.b4 Re7 19.Kg2 Bf7 20.Rh1 c6 21.a4 c5 22.a5 Rc7
23.Ra1 Rdc8 24.dxc5 dxc5 25.b5 Rd8 26.axb6 axb6 27.Ra6 Rb7 28.Qa1 Kh7 29.Qc3 Rdd7  1/2-1/2

[Event "Budapest FS05 IM"]
[Site "Budapest"]
[Date "1999.05.06"]
[Round "6"]
[White "Krutti, Valer"]
[Black "Sedlak, Nicola"]
[Result "1-0"]
[WhiteElo "2354"]
[BlackElo "2349"]

1.c4 e5 2.g3 d5 3.cxd5 Qxd5 4.Nf3 Bb4 5.a3 e4 6.axb4 exf3 7.e3 Qh5 8.Qc2 Nf6
9.Ra5 Qg4 10.Re5+ Be6 11.d4 Nfd7 12.Re4 Qg6 13.Bd3 f5 14.Rf4 Nc6 15.Bd2 O-O-O
16.h4 Rhf8 17.h5 Qe8 18.b5 Ne7 19.Ba5 b6 20.Bb4 Nd5 21.Bxf8 Nxf4 22.gxf4 Nxf8
23.Kd2 g6 24.Qa4 a5 25.b4 axb4 26.Qxb4 Bd5 27.Nc3 Bb7 28.hxg6 hxg6 29.Rh8 Qf7
30.Bc4 Qg7 31.Rg8 Qf6 32.Qb1 Nd7 33.Rxd8+ Qxd8 34.Qg1 Qh4 35.Ke1 Nf8 36.Ba2 Qe7
37.Kd2 Qh4 38.Bb3 Kd8 39.Bd1 Nh7 40.d5 Qh5 41.Qg3 g5 42.fxg5 Nxg5 43.d6 cxd6
44.Qxd6+ Kc8 45.Bc2 Qf7 46.Qxb6 Ne4+ 47.Nxe4 fxe4 48.Qc5+ Kb8 49.Qe5+ Ka7
50.Qc5+ Kb8 51.b6 Qd7+ 52.Qd4 Qe7 53.Qh8+ Bc8 54.Qh2+ Kb7 55.Qc7+ Qxc7 56.bxc7 Kxc7
57.Bxe4 Bg4 58.Kc3 Kd6 59.Kd4 Bh5 60.Bf5 Ke7  1-0

[Event "ISR-chT"]
[Site "Israel"]
[Date "1999.05.07"]
[Round "10"]
[White "Kaspi, Alexander"]
[Black "Kanstler, Boris"]
[Result "0-1"]
[WhiteElo "2510"]
[BlackElo "2539"]

1.c4 e5 2.g3 Nf6 3.Bg2 Nc6 4.Nc3 Bb4 5.e4 Bxc3 6.dxc3 O-O 7.Qc2 a6 8.a4 d6
9.Nf3 Be6 10.b3 Qc8 11.O-O Bh3 12.Nh4 Ne7 13.Bg5 Bxg2 14.Kxg2 Qe6 15.h3 Nd7
16.Bxe7 Qxe7 17.Nf5 Qe6 18.Ne3 a5 19.Rae1 Nc5 20.Nd5 Qd7 21.Kh2 Kh8 22.f4 exf4
23.gxf4 Rae8 24.f5 c6 25.Nf4 Qe7 26.Re3 Qe5 27.Kg2 Nxe4 28.Ne2 d5 29.cxd5 Qxd5
30.c4 Qd2 31.Qxe4 Qxe3  0-1

[Event "VCN SchaakFestival"]
[Site "Soest"]
[Date "1999.05.15"]
[Round "3"]
[White "Van Barneveld, Dick"]
[Black "Muris, Paul"]
[Result "1-0"]
[WhiteElo "1526"]
[BlackElo "1684"]

1.c4 e5 2.g3 Nf6 3.Bg2 c6 4.e4 Bc5 5.Ne2 d6 6.Nbc3 Be6 7.d3 Qb6 8.O-O Nbd7
9.Na4 Qc7 10.Nxc5 Nxc5 11.b4 Ncd7 12.h3 O-O 13.Be3 a5 14.f4 exf4 15.gxf4 Nb6
16.c5 Nc8 17.cxd6 Nxd6 18.f5 Bc8 19.e5 Nxf5 20.Rxf5 Bxf5 21.exf6 gxf6 22.Qf1 Qd7
23.Nd4 Bg6 24.Qxf6 Rad8 25.bxa5 Rfe8 26.Bf2 Bxd3 27.Nf3 Re6 28.Qd4 Qxd4 29.Nxd4 Rg6
30.Kh2 Kh8 31.Re1 Rdg8 32.Rg1 Rg5 33.Nf3 R5g6 34.Ne5 Rxg2+ 35.Rxg2 Rxg2+
36.Kxg2 Be4+ 37.Kg3 Bd5 38.a3 Kg7 39.Bd4 f6 40.Nd7 Be6 41.Nxf6 Kg6 42.Ne4 Bc4
43.Nc5 Kf5 44.Nxb7 Ke4 45.Nd6+ Kxd4 46.Nxc4  1-0

[Event "VCN SchaakFestival"]
[Site "Soest"]
[Date "1999.05.15"]
[Round "4"]
[White "Luijendijk, Herman"]
[Black "Van Lingen, Guus"]
[Result "1-0"]
[WhiteElo "1953"]
[BlackElo "1447"]

1.c4 e5 2.g3 Nf6 3.Bg2 Nc6 4.Nc3 Bb4 5.Nf3 O-O 6.O-O d6 7.d3 Bxc3 8.bxc3 Re8
9.Rb1 Rb8 10.Ne1 Bf5 11.Nc2 Qd7 12.Re1 Bh3 13.Bh1 Ng4 14.Ne3 Ne7 15.Bf3 f5
16.Rb4 c6 17.Qb3 Kh8 18.Bd2 Rf8 19.Rb1 b6 20.Qa4 Qc7 21.Nd1 h6 22.Be1 Nf6
23.R4b2 Nd7 24.d4 e4 25.Bh1 f4 26.Bxe4 fxg3 27.hxg3 Nf6 28.Bh1 Ng4 29.Qc2 Rf5
30.Qd3 Rbf8 31.e4 Rg5 32.Ne3 Qd7 33.Nxg4 Bxg4 34.Qe3 Rh5 35.f4 d5 36.cxd5 cxd5
37.e5 Bf5 38.Rc1 Qe6 39.a4  1-0

[Event "CRO-Cup"]
[Site "Pula"]
[Date "1999.05.24"]
[Round "1"]
[White "Nikolic, Emil"]
[Black "Gazarek, Danko"]
[Result "0-1"]
[WhiteElo "2180"]
[BlackElo "2335"]

1.c4 e5 2.g3 Nc6 3.Bg2 g6 4.Nc3 Bg7 5.e3 d6 6.d3 Nge7 7.Nge2 O-O 8.O-O Bd7
9.Rb1 Qc8 10.Re1 Bh3 11.Bh1 Nd8 12.Nd5 Re8 13.b4 Ne6 14.Bb2 Nf5 15.b5 c6
16.bxc6 bxc6 17.Nb4 Ne7 18.Nc3 a5 19.Nc2 Qc7 20.Qd2 Ng5 21.f4 Ne6 22.Nd1 Nc5
23.Nf2 Bd7 24.Ba3 Ne6 25.Rec1 f5 26.Bg2 Ra7 27.h3 c5 28.Ne1 Bc6 29.Nd1 g5
30.fxg5 Nxg5 31.Nc3 Bxg2 32.Qxg2 Qd7 33.Nb5 Raa8 34.h4 Nf7 35.Nc3 Rab8 36.Rxb8 Rxb8
37.Rb1 Rxb1 38.Nxb1 Qa4 39.Qc2 Qc6 40.Nc3 Bh6 41.Bc1 Qd7 42.Qg2 Qe6 43.Bd2 e4
44.dxe4 Qxc4 45.g4 fxg4 46.Qxg4+ Kf8 47.Kf2 Ne5 48.Qe2 Qf7+ 49.Kg1 N7g6 50.Qh5 Kg7
51.Nd5 Nc4 52.Bc3+ Nge5 53.Qf3 Qxf3 54.Nxf3 Kg6 55.Bxe5 dxe5 56.Kf2 Bg7 57.Kg3 Nd6
58.Nd2 c4 59.Kg4 h5+ 60.Kf3 Bf6 61.Kg3 Bd8 62.Nc3 Bb6 63.Nf3 Bxe3 64.Nxe5+ Kg7
65.Nf3 Bc1 66.e5 Nf5+ 67.Kf2 Bb2 68.Nd1 Bc1 69.Ke2 Kf7 70.Nc3  0-1

[Event "Pula op 13th"]
[Site "Pula"]
[Date "1999.06.03"]
[Round "5"]
[White "Rukavina, Josip"]
[Black "Roschina, Tatiana"]
[Result "1/2-1/2"]
[WhiteElo "2426"]
[BlackElo "2245"]

1.c4 e5 2.g3 Nf6 3.Bg2 d5 4.cxd5 Nxd5 5.Nc3 Nb6 6.Nf3 Nc6 7.O-O Be7 8.d3 O-O
9.Be3 Re8 10.b3 Bg4 11.a3 Bf8 12.Nd2 Rb8 13.Re1 Nd4 14.Nc4 c6 15.Nxb6 Qxb6
16.Bxd4 exd4 17.Na4 Qa5 18.h3 Bh5 19.b4 Qg5 20.Rc1 Bxe2 21.Qc2 Bh5 22.Nc5 Bxc5
23.bxc5 Bg6 24.Be4 Re5 25.Bxg6 hxg6 26.Rxe5 Qxe5 27.Qa4 a6 28.Qb4 Qd5 29.Re1 Qd7
30.Re4 Rd8 31.Qb2 f5 32.Re5 Kf8 33.Qb3 Qf7 34.Qb4 Rd7 35.a4 g5 36.g4 g6 37.Qd2 Re7
38.Rxe7 Qxe7 39.Qb4 Qd7 40.Qe1 fxg4 41.Qe5 gxh3 42.Qf6+ Qf7 43.Qh8+ Ke7 44.Qxh3 Qg8
45.Qg3 Qd5 46.Qc7+ Qd7 47.Qe5+ Kf7 48.Qb8 Qe7 49.Kf1 Ke6 50.Qg8+ Kd7 51.Qb8 Ke6
52.Qg8+ Kf5 53.Qc8+ Ke5 54.Qg8 Qxc5 55.Qg7+ Ke6 56.Qxb7 a5 57.Qc8+ Kf6 58.Qd8+ Kf5
59.Qd7+ Ke5 60.Qc7+ Kd5 61.Qf7+ Ke5 62.Qc7+ Ke6 63.Qc8+ Kd6 64.Qf8+ Kd5 65.Qf7+ Ke5
66.Qc7+ Kf6 67.Qd8+ Kf5 68.Qd7+ Kf4 69.Qc7+ Kg4 70.Qd7+ Kf4 71.Qc7+ Qe5 72.Qxc6 g4
73.Qxg6 Qf5 74.Qd6+ Qe5 75.Qh6+ Qg5 76.Qh2+ g3 77.Qg2 gxf2 78.Qe4+ Kg3 79.Qg2+ Kf4
80.Qe4+ Kg3  1/2-1/2

[Event "EUCup99 (Women)"]
[Site "Nova Gorica"]
[Date "1999.06.29"]
[Round "2"]
[White "Borek, Jutta"]
[Black "Mihevc, Narcisa"]
[Result "0-1"]
[WhiteElo "2122"]
[BlackElo "2158"]

1.c4 e5 2.g3 Nc6 3.Bg2 g6 4.Nc3 Bg7 5.Rb1 a5 6.d3 d6 7.a3 f5 8.e3 Nf6 9.Nge2 O-O
10.O-O g5 11.f4 gxf4 12.gxf4 Kh8 13.Nd5 Ne7 14.Nxf6 Bxf6 15.b3 Ng6 16.Bh3 Rg8
17.Kh1 Bd7 18.Ng3 exf4 19.exf4 Bc6+ 20.Kg1 Bd4+ 21.Rf2 Qh4 22.Bg2 Nxf4 23.Bxc6 Nh3+
24.Kf1 Nxf2 25.Qf3 Qxh2  0-1

[Event "Hotel Irottko GM"]
[Site "Koszeg"]
[Date "1999.06.30"]
[Round "8"]
[White "Habibi, Ali"]
[Black "Varga, Zoltan"]
[Result "1/2-1/2"]
[WhiteElo "2344"]
[BlackElo "2518"]

1.c4 e5 2.g3 Nf6 3.Bg2 d5 4.cxd5 Nxd5 5.Nf3 Nc6 6.d3 Be7 7.O-O Be6 8.Nc3 O-O
9.Bd2 f6 10.Ne4 Nd4 11.Rc1 b6 12.a3 c5 13.Ne1 Rc8 14.e3 Nc6 15.f4 Qd7 16.Nf2 f5
17.e4 Nc7 18.g4 fxe4 19.f5 Bf7 20.dxe4 Nd4 21.Rc3 Rcd8 22.Ned3 Nc6 23.Be3 c4
24.Qc1 Nb5 25.Rxc4 Nbd4 26.Bxd4 Nxd4 27.Re1 Qb5 28.Rc7 Bh4 29.Kh1  1/2-1/2